Normal view MARC view

Entry Nombre personal

Number of records used in: 13

001 - NÚMERO DE CONTROL

  • campo de control: 91313

003 - IDENTIFICADOR DE NÚMERO DE CONTROL

  • campo de control: SpMaBN

005 - FECHA Y HORA DE LA ÚLTIMA TRANSACCIÓN

  • campo de control: 20250702035813.0

008 - ELEMENTOS DE DATO DE LONGITUD-FIJA

  • campo de control de longitud fija: 161085nn ainnnaabn n aaa

016 ## - NÚMERO DE CONTROL DE UNA AGENCIA BIBLIOGRÁFICA NACIONAL

  • Número de control del registro: BNE19922701459

024 7# - IDENTIFICADOR DE OTROS ESTÁNDARES

  • Número estándar o código: http://viaf.org/viaf/33080907/
  • Fuente: viaf

024 8# - IDENTIFICADOR DE OTROS ESTÁNDARES

  • Número estándar o código: http://www.larramendi.es/aut/POLI20090019775

024 8# - IDENTIFICADOR DE OTROS ESTÁNDARES

  • Número estándar o código: https://data.cervantesvirtual.com/person/70841

024 7# - IDENTIFICADOR DE OTROS ESTÁNDARES

  • Número estándar o código: https://isni.org/isni/0000000059241184
  • Fuente: isni

024 7# - IDENTIFICADOR DE OTROS ESTÁNDARES

  • Número estándar o código: http://www.wikidata.org/entity/Q5946484
  • Fuente: wikidata

040 ## - FUENTE DE CATALOGACIÓN

  • Centro catalogador/agencia de origen: SpMaBN
  • Lengua de catalogación: spa
  • Centro/agencia transcriptor: SpMaBN
  • Normas de descripción: rdc
  • Convención/Normas de encabezamiento de materia/tesauro: embne

046 ## - FECHAS CON CODIFICACIÓN ESPECIAL

  • Fecha de nacimiento: 1850
  • Fecha de la muerte: 1908

100 1# - ENCABEZAMIENTO-NOMBRE DE PERSONA

  • Nombre de persona: Perojo, José del
  • Fechas asociadas al nombre: 1850-1908

370 ## - LUGAR ASOCIADO

  • Lugar de nacimiento: Santiago de Cuba
  • Número de control del registro de autoridad o número normalizado: XX453608
  • Fuente de información: Wikidata

374 ## - OCUPACIÓN

  • Ocupación: Escritores
  • Ocupación: Periodistas
  • Fuente de información: Wikidata

375 ## - GÉNERO/SEXO

  • Género: Masculino

377 ## - IDIOMA ASOCIADO

  • Término de lengua/lenguaje: Español

400 1# - TRAZADO DE VÉASE--NOMBRE DE PERSONA

  • Nombre de persona: Perojo y Figueras, José del,
  • Fechas asociadas al nombre: 1850-1908

670 ## - FUENTE DE DATOS ENCONTRADOS

  • Cita de la fuente: Artículos filosóficos y políticos de José del Perojo (1875-1908), 2003
  • Información encontrada: p. 8 (José del Perojo y Figueras; n. en Santiago de Cuba, 1850; m. 1908)

670 ## - FUENTE DE DATOS ENCONTRADOS

  • Cita de la fuente: Diccionario de la literatura cubana, 1984
  • Información encontrada: v. 2, p. 780 (José del Perojo, Santiago de Cuba, 1853 -- Madrid, 17-10-1908, periodista, filósofo y político)

670 ## - FUENTE DE DATOS ENCONTRADOS

  • Cita de la fuente: WWW DBE de la RAH, 4-5-2018
  • Información encontrada: (José del Perojo y Figueras, Santiago de Cuba, 19-1-1850 -- Madrid, 17-10-1908, filósofo, político, periodista y editor
  • Identificador Uniforme de Recursos: http://dbe.rah.es/biografias/9305/jose-del-perojo-y-figueras